00678nam a2200205Ia 4500003000400000008004100004020002600045040000800071100002500079245006600104260003700170300001300207365001100220901002100231902004300252903005800295942001200353952009000365999001700455LDD181029s9999 xx 000 0 und d a9788175332294c895.00 cLDD aTiwary, Shiv Shanker 0aWorld religions and their beliefs systemcShiv Shanker Tiwary aNew DelhibMD Publicationsc2009 av, 323p. b895.00 a5442b11-12-2009 aSBS/557/D/09b30-12-2009cFdSBSeCBCI aDiscount-15bReqst by : Gracious Thomas  2ddccBK 00102ddc4070988534aLDDbLDDl0o201.43 T543Wp071869r2018-11-01w2018-11-01yBK c88535d88535